El hombre descubre su cuerpo (Record no. 143434)

MARC details
000 -LEADER
campo de control de longitud fija 00690nam a2200217 4500
001 - NÚMERO DE CONTROL
campo de control 143434
003 - IDENTIFICADOR DE NÚMERO DE CONTROL
campo de control ES-MaACL
005 - FECHA Y HORA DE LA ÚLTIMA TRANSACCIÓN
campo de control 20230906200818.0
007 - CAMPO FIJO DE DESCRIPCIÓN FÍSICA--INFORMACIÓN GENERAL
campo de control de longitud fija t|
008 - DATOS DE LONGITUD FIJA--INFORMACIÓN GENERAL
campo de control de longitud fija 070214s1958 sp r ||||1| spa d
100 1# - ENTRADA PRINCIPAL--NOMBRE DE PERSONA
Nombre de persona Senet, André.
9 (RLIN) 105463
245 13 - MENCIÓN DEL TÍTULO
Título El hombre descubre su cuerpo
Resto del título : novela de la fisiología /
Mención de responsabilidad, etc. André Senet ; versión de Luis Horno Liria.
250 ## - MENCION DE EDICION
Mención de edición 1ª. ed.
260 ## - PUBLICACIÓN, DISTRIBUCIÓN, ETC.
Lugar de publicación, distribución, etc. Barcelona :
Nombre del editor, distribuidor, etc. Luis de Caralt,
Fecha de publicación, distribución, etc. 1958.
300 ## - DESCRIPCIÓN FÍSICA
Extensión 276 p., 24 lám. :
Otras características físicas il. ;
Dimensiones 22 cm.
490 1# - MENCIÓN DE SERIE
Mención de serie Col. cultura histórica
700 1# - ENTRADA AGREGADA--NOMBRE PERSONAL
Nombre de persona Horno Liria, Luis.
9 (RLIN) 64232
830 0# - PUNTO DE ACCESO ADICIONAL DE SERIE-TÍTULO UNIFORME
Título uniforme Col. cultura histórica
9 (RLIN) 220563
852 ## - LOCALIZACIÓN
Ubicación ES-MaACL
Número de control de estantería C-14358
Sublocalización o colección R.42203
Holdings
Estatus retirado Estado de pérdida Estado de daño No para préstamo Biblioteca de origen Biblioteca actual Ubicación en estantería Fecha de adquisición Fuente de adquisición Total de préstamos Signatura topográfica completa Código de barras Visto por última vez Precio de reemplazo Tipo de ítem Koha
        Biblioteca del Ateneo de Madrid Biblioteca del Ateneo de Madrid Sala Palomar 17/01/2008     C-14358 1149231 23/02/2023 23/02/2023 Libro impreso